banner-ar

متاحف الاطفال لمصر : دراسة عن اقامة متاحف للاطفال فى مصر واقسام للتربية المتحفية / (Record no. 46180)

MARC details
000 -الفاتح
حقل البيانات ثابتة الطول 00593nam a2200169Ia 4500
008 - عناصر البيانات ثابتة الطول - معلومات عامة
حقل البيانات ثابتة الطول 140319s9999 xx 000 0 ara d
040 ## - مصدر الفهرسة
وكالة الفهرسة الأصلية GCL /
وكالة النسخ GCL
082 04 - رقم تصنيف ديوى العشرى
رقم التصنيف 069.1
رقم المادة و م
100 1# - المدخل الرئيسى - إسم شخصى
الإسم الشخصى وفاء الصديق
245 10 - بيان العنوان
العنوان متاحف الاطفال لمصر : دراسة عن اقامة متاحف للاطفال فى مصر واقسام للتربية المتحفية /
بيان المسئوليه,etc وفاء الصديق
490 ## - بيان السلسلة
عنوان السلسلة 100 قصة
رقم المجلد/ التعيين التسلسلي 0
650 04 - المدخل الاضافى بالموضوع-مصطلح موضوعى
مصطلح موضوعي الاطفال
650 04 - المدخل الاضافى بالموضوع-مصطلح موضوعى
مصطلح موضوعي المتاحف_ تاريخ
650 04 - المدخل الاضافى بالموضوع-مصطلح موضوعى
مصطلح موضوعي المتاحف - تنظيم وادارة
942 ## - عناصر المدخل الإضافي( كوها)
مصدر التصنيف او مخطط الترفيف Dewey Decimal Classification
Koha [default] item type كتاب
Holdings
حالة التراجع حالة الفقد حالة تلف ليس للاعارة المكان المؤقت الموقع الحالى تاريخ الاكتساب اجمالي اﻻعارات رقم الطلب الباركود تاريخ اخر مشاهدة تاريخ تفعيل السعر نوع وعاء كوها
        مكتبة القاهرة الكبرى مكتبة القاهرة الكبرى 03/26/2014   069.1\و م 112409 03/26/2014 03/26/2014 كتاب

Powered By

EGPV